Welcome to the Holygrace Academy Library

Please use search bar below to get started

MOLECULAR BIOLOGY AND GENETIC ENGINEERING (Record no. 1405)

MARC details
000 -LEADER
fixed length control field 00362nam a22001457a 4500
082 ## - DEWEY DECIMAL CLASSIFICATION NUMBER
Classification number 574.88
Item number NAR/M
100 ## - MAIN ENTRY--AUTHOR NAME
Personal name NARAYANAN, L.M
100 ## - MAIN ENTRY--AUTHOR NAME
Personal name ARUMUGAM, N
245 ## - TITLE STATEMENT
Title MOLECULAR BIOLOGY AND GENETIC ENGINEERING
250 ## - EDITION STATEMENT
Edition statement FIRST EDITION
260 ## - PUBLICATION, DISTRIBUTION, ETC. (IMPRINT)
Place of publication NAGERCOIL
Name of publisher SARAS PUBLICATIONS
Year of publication 2004
300 ## - PHYSICAL DESCRIPTION
Number of Pages 167
650 ## - SUBJECT ADDED ENTRY--TOPICAL TERM
Topical Term BIOLOGY REFERENCE
Geographic subdivision INDIA
942 ## - ADDED ENTRY ELEMENTS (KOHA)
Koha item type Books
Holdings
Withdrawn status Lost status Collection code Home library Current library Shelving location Date acquired Source of acquisition Full call number Accession Number Koha item type
    Reference Main Library Main Library SHELF-5 D REFERENCEBIOLOGY 02/03/2006 purchase 574.88 NAR/M 02222 Books